000 00666aas a2200217 4500
999 _c3232
_d3232
003 BR-BrBNA
005 20230317233739.0
007 ta
008 230119b bl ||||| |||| 00| 0 por d
035 _a000485-5
040 _aBR-BrBNA
_bPor
_cBR-BrBNA
042 _a054876-6
044 _abl
245 _aPará Desenvolvimento (Brazil)
260 _aBelém-PA
_bInstituto do Desenvolvimento Econômico Social do Pará
_c1968. Data final de publicação em 1996
_eBPA
270 _aAv. Nazaré, 871 - 66000-000
310 _airregular
505 _a1968 (3-4fe); 1970 (12-13fe); 1986-90 (18-27); 1993 (28); 1996 (29nesp);
909 _a56
_bSergio Santos
_c56
_dSergio Santos
942 _cCR
_2AGRIS